We Shall Not Be Moved : (Record no. 4935)

MARC details
000 -LEADER
fixed length control field 01002nam a22002657a 4500
001 - CONTROL NUMBER
control field 4935
003 - CONTROL NUMBER IDENTIFIER
control field FISKH
005 - DATE AND TIME OF LATEST TRANSACTION
control field 20241025124351.0
008 - FIXED-LENGTH DATA ELEMENTS--GENERAL INFORMATION
fixed length control field 241025b cb ||||| |||| 00| 0 eng d
020 ## - INTERNATIONAL STANDARD BOOK NUMBER
International Standard Book Number 078073005994
040 ## - CATALOGING SOURCE
Original cataloging agency FISKH
Language of cataloging eng
Transcribing agency FISKH
Modifying agency FISKH
050 ## - LIBRARY OF CONGRESS CALL NUMBER
Classification number HD5325.C62
082 ## - DEWEY DECIMAL CLASSIFICATION NUMBER
Classification number 331.479288709747109041
100 ## - MAIN ENTRY--PERSONAL NAME
Personal name Dash, Joan
245 ## - TITLE STATEMENT
Title We Shall Not Be Moved :
Remainder of title The Women's Factory Strike of 1909 /
Statement of responsibility, etc. by Joan Dash
260 ## - PUBLICATION, DISTRIBUTION, ETC.
Place of publication, distribution, etc. New York :
Name of publisher, distributor, etc. Scholastic ;
Date of publication, distribution, etc. 1996 .
300 ## - PHYSICAL DESCRIPTION
Extent 165 pages :
Other physical details illustrations ;
Dimensions 20 cm .
505 ## - FORMATTED CONTENTS NOTE
Formatted contents note Z <br/>
520 ## - SUMMARY, ETC.
Summary, etc. Describes the conditions that gave rise to efforts to secure better working conditions for the women working in the garment industry in early twentieth-century New York and led to the formation of the Women's Trade Union League and the first women's strike in 1909.
521 8# - TARGET AUDIENCE NOTE
Target audience note 1170 <br/>
Source Lexile <br/>
521 8# - TARGET AUDIENCE NOTE
Target audience note Z <br/>
Source Raz-Plus <br/>
650 ## - SUBJECT ADDED ENTRY--TOPICAL TERM
Topical term or geographic name entry element American history
Form subdivision non-fiction
942 ## - ADDED ENTRY ELEMENTS (KOHA)
Source of classification or shelving scheme Dewey Decimal Classification
Koha item type Books
Suppress in OPAC No
Holdings
Withdrawn status Lost status Source of classification or shelving scheme Damaged status Not for loan Collection Home library Current library Shelving location Date acquired Total Checkouts Full call number Barcode Date last seen Copy number Price effective from Koha item type
    Dewey Decimal Classification     Non-Fiction Footprints International School Library Network Toul Kork Campus Footprints International School Library Network Toul Kork Campus TTP Secondary Non-Fiction Bookshelves 10/25/2024   DAS 331.479288709747109041 HD5325.C62 FISSE01094 10/25/2024 1 10/25/2024 Books
    Dewey Decimal Classification     Non-Fiction Footprints International School Library Network Toul Kork Campus Footprints International School Library Network Toul Kork Campus TTP Secondary Non-Fiction Bookshelves 10/25/2024   DAS 331.479288709747109041 HD5325.C62 FISSE01242 11/25/2024 2 10/25/2024 Books